[Event "AUTO-OPEN-4627"]
[Site "http://www.queenalice.com/game.php?id=1869457"]
[Date "2026.2.18"]
[Round "2"]
[White "IranSilva"]
[Black "rmvwoods"]
[Result "0-1"]
[WhiteElo "1777"]
[BlackElo "2056"]

1. d4 d5 2. c4 c6 3. Nc3 Nf6 4. Nf3 dxc4 5. e4 b5 6. a4 b4 7. Na2 a5 8. e5 Nd5
9. Bxc4 e6 10. Bg5 Be7 11. Bxe7 Nxe7 12. Nc1 Ba6 13. Qd3 Bxc4 14. Qxc4 O-O 15.
Nb3 Nd7 16. Rc1 Nb6 17. Qe2 Nxa4 18. Nc5 Nb6 19. O-O a4 20. Rfd1 Qc7 21. Na6 Qa7
22. Nxb4 Nbd5 23. Nxc6 Nxc6 24. Rxc6 Rfc8 25. Rdc1 Rc7 26. Rxc7 Nxc7 27. Qc4 Rc8
28. Nd2 h6 29. Ne4 Rb8 30. Qxc7 Qxc7 31. Rxc7 Rxb2 32. h3 a3 33. Rc8+ Kh7 34.
Ra8 a2 35. Kh2 Kg6 36. Nc3 Rxf2 0-1

[Event "AUTO-OPEN-4627"]
[Site "http://www.queenalice.com/game.php?id=1869458"]
[Date "2026.2.18"]
[Round "2"]
[White "rmvwoods"]
[Black "IranSilva"]
[Result "0-1"]
[WhiteElo "2081"]
[BlackElo "2212"]

1. e4 e5 2. Nf3 Nf6 3. Nxe5 d6 4. Nf3 Nxe4 5. d3 Nf6 6. Be2 Be7 7. O-O Nc6 8.
Be3 O-O 9. Nbd2 d5 10. Nd4 Nxd4 11. Bxd4 c5 12. Bxf6 Bxf6 13. c3 Bf5 14. Nf3 Re8
15. d4 cxd4 16. Nxd4 Bg6 17. Bf3 Be4 18. Re1 Qd7 19. Bg4 Qc7 20. f3 Bg6 21. Qd2
Qb6 22. b3 h6 23. Bd7 Red8 24. Ba4 Rac8 25. b4 Rxc3 26. Qxc3 Bxd4+ 27. Qxd4
Qxd4+ 28. Kh1 Qxb4 29. Bb3 a5 30. Rad1 d4 31. Rb1 Bxb1 32. Rxb1 Kf8 33. Rd1 a4
34. Bc2 d3 0-1

[Event "AUTO-MASTER-3286"]
[Site "http://www.queenalice.com/game.php?id=1869719"]
[Date "2026.2.24"]
[Round "2"]
[White "rmvwoods"]
[Black "chessman"]
[Result "1-0"]
[WhiteElo "2051"]
[BlackElo "2044"]

1. e4 e6 2. d4 d5 3. Nc3 dxe4 4. Nxe4 Nd7 5. Nf3 Ngf6 6. Nxf6+ Nxf6 7. Bd3 Be7
8. O-O O-O 9. b3 b6 10. Bb2 Bb7 11. Re1 c5 12. Qe2 Bxf3 13. Qxf3 cxd4 14. Rad1
Bc5 15. c3 Qc7 16. c4 e5 17. Be4 Nxe4 18. Qxe4 Rfe8 19. Bxd4 Bxd4 20. Rxd4 h6
21. Rd5 f6 22. Red1 Rad8 23. h3 Qe7 24. f4 Rxd5 25. Qxd5+ Qf7 26. Qxf7+ Kxf7 27.
fxe5 fxe5 28. Rd7+ Re7 29. Rxe7+ Kxe7 30. Kf2 Ke6 31. Ke3 a5 32. Ke4 g6 33. a3
Kd6 34. b4 axb4 35. axb4 g5 36. g4 Ke6 37. c5 bxc5 38. bxc5 Kf6 39. c6 Ke6 40.
c7 Kd7 41. c8=Q+ Kxc8 42. Kxe5 Kd7 43. Kf6 Ke8 44. Kg6 Ke7 45. Kxh6 Kf6 46. Kh5
Kg7 47. Kxg5 Kh7 48. h4 Kh8 49. Kh6 Kg8 50. g5 Kh8 51. g6 Kg8 52. g7 1-0

[Event "AUTO-MASTER-3286"]
[Site "http://www.queenalice.com/game.php?id=1869720"]
[Date "2026.2.24"]
[Round "2"]
[White "chessman"]
[Black "rmvwoods"]
[Result "1-0"]
[WhiteElo "2026"]
[BlackElo "2069"]

1. e4 c5 2. Nf3 d6 3. Bb5+ Bd7 4. Bxd7+ Nxd7 5. O-O Ngf6 6. Re1 Qc7 7. c4 e6 8.
d4 Be7 9. d5 O-O 10. Nc3 h6 11. a3 Ng4 12. h3 Nge5 13. Nxe5 Nxe5 14. Qe2 f5 15.
f4 Ng6 16. dxe6 Rf6 17. Nd5 Qd8 18. Nxf6+ Bxf6 19. exf5 Ne7 20. g4 Qb6 21. Qe4
Qb3 22. Re3 Qb6 23. Rd3 Rd8 24. Rb1 Qc7 25. b4 b6 26. b5 Kf8 27. g5 Bd4+ 28. Be3
Bxe3+ 29. Qxe3 Nxf5 30. Qe4 Nd4 31. Qh7 Nxe6 32. gxh6 gxh6 33. Qxh6+ Qg7+ 34.
Qxg7+ Kxg7 35. Rf1 Nd4 36. Kf2 d5 37. cxd5 Rxd5 38. Ke3 Rh5 39. Rh1 Nxb5 40. Kd2
Nd4 41. h4 a6 42. Ke3 b5 43. Rxd4 cxd4+ 44. Kxd4 a5 45. Ke4 Kf6 46. Rh3 Ke6 47.
Rb3 b4 48. axb4 1-0

[Event "AUTO-MASTER-3290"]
[Site "http://www.queenalice.com/game.php?id=1869986"]
[Date "2026.2.28"]
[Round "2"]
[White "JailtonMaster"]
[Black "rmvwoods"]
[Result "0-1"]
[WhiteElo "2139"]
[BlackElo "2008"]

1. d4 d5 2. c4 c6 3. Nc3 Nf6 4. Nf3 Bf5 5. e3 e6 6. cxd5 exd5 7. Bd3 Ne4 8. Bxe4
Bxe4 9. Nxe4 dxe4 10. Nd2 f5 11. Nxe4 fxe4 12. Qh5+ Kd7 13. d5 g6 14. Qe5 Bd6
15. dxc6+ Nxc6 16. Qxe4 Kc7 17. O-O Rc8 18. a3 Kb8 19. b4 Qb6 20. Bb2 Rhg8 21.
Rfd1 Qc7 22. h3 Rge8 23. Qf3 Be5 24. Bxe5 Qxe5 25. Rac1 Qb2 26. Qd5 Qxa3 27. b5
Ne7 28. Qe5+ Ka8 29. Rxc8+ Rxc8 30. b6 Rc1 31. Qh8+ Nc8 32. Kh2 Qc5 0-1

[Event "AUTO-MASTER-3290"]
[Site "http://www.queenalice.com/game.php?id=1869987"]
[Date "2026.2.28"]
[Round "2"]
[White "rmvwoods"]
[Black "JailtonMaster"]
[Result "0-1"]
[WhiteElo "2066"]
[BlackElo "2194"]

1. e4 e5 2. Nf3 Nc6 3. Bb5 a6 4. Ba4 Nf6 5. O-O b5 6. Bb3 Be7 7. a4 Bb7 8. d3
Na5 9. Nxe5 Nxb3 10. cxb3 c5 11. Nc3 d6 12. Nf3 O-O 13. Be3 Qd7 14. b4 Rac8 15.
bxc5 dxc5 16. axb5 axb5 17. Ra7 Ra8 18. Qa1 Rxa7 19. Qxa7 b4 20. Ne2 Ra8 21.
Qxa8+ Bxa8 22. Ne5 Qe6 23. Nc4 Nxe4 24. b3 g5 25. dxe4 Qxe4 26. f3 Qc2 27. Nc1
Bd5 28. Rf2 Qd1+ 29. Rf1 Qc2 30. Rf2 Qg6 31. Rf1 Bxc4 32. bxc4 Qc2 0-1

[Event "AUTO-MASTER-3290"]
[Site "http://www.queenalice.com/game.php?id=1869990"]
[Date "2026.2.28"]
[Round "2"]
[White "IranSilva"]
[Black "rmvwoods"]
[Result "0-1"]
[WhiteElo "1782"]
[BlackElo "2051"]

1. d4 d5 2. c4 c6 3. Nc3 dxc4 4. e4 b5 5. a4 a6 6. axb5 Qb6 7. Bxc4 Bb7 8. bxc6
Bxc6 9. Nf3 e6 10. O-O Be7 11. Qe2 Nf6 12. d5 exd5 13. exd5 Bd7 14. Re1 O-O 15.
Qxe7 Re8 16. Qa3 a5 17. Bg5 Ng4 18. Rf1 h6 19. Bh4 Bf5 20. h3 Ne5 21. Nxe5 Rxe5
22. Bg3 Re8 23. Nb5 Nd7 0-1

[Event "AUTO-MASTER-3290"]
[Site "http://www.queenalice.com/game.php?id=1869991"]
[Date "2026.2.28"]
[Round "2"]
[White "rmvwoods"]
[Black "IranSilva"]
[Result "1-0"]
[WhiteElo "2045"]
[BlackElo "1788"]

1. e4 e5 2. Bc4 Nf6 3. d3 Bc5 4. Nf3 Nc6 5. Bg5 O-O 6. Nbd2 d6 7. c3 Qe7 8. O-O
Be6 9. Bd5 h6 10. Bh4 g5 11. Bxe6 Qxe6 12. Bg3 Nh5 13. Nxg5 Qg6 14. Nh3 Nxg3 15.
hxg3 Qxg3 16. Qf3 Qxf3 17. Nxf3 f5 18. Rfe1 fxe4 19. Rxe4 d5 20. Rg4+ Kf7 21. d4
exd4 22. cxd4 Bd6 23. Nf4 Bxf4 24. Rxf4+ Kg7 25. Rg4+ Kh7 26. Re1 1-0

[Event "AUTO-OPEN-4621"]
[Site "http://www.queenalice.com/game.php?id=1871171"]
[Date "2026.3.29"]
[Round "2"]
[White "rmvwoods"]
[Black "Tonto"]
[Result "0-1"]
[WhiteElo "2034"]
[BlackElo "2024"]

1. e4 e5 2. Nf3 d6 3. Bc4 Be7 4. c3 Nf6 5. Ng5 O-O 6. O-O h6 7. Nf3 Nxe4 8. Re1
Ng5 9. d4 Bg4 10. Bxg5 Bxg5 11. Be2 Bf4 12. Nbd2 c6 13. h3 Bh5 14. g3 Bxd2 15.
Qxd2 exd4 16. Nxd4 Bxe2 17. Rxe2 Qf6 18. Rae1 Nd7 19. Re7 Ne5 20. Rxb7 c5 21.
Rxe5 dxe5 22. Nb5 Qa6 23. Qd7 Qxa2 24. Nd6 Qb1+ 25. Kg2 Rad8 26. Qc7 Rxd6 27.
Qxd6 Qe4+ 28. f3 Qxb7 29. Qxe5 Qxb2+ 30. Kf1 Rd8 31. Qe1 a5 32. c4 Qb3 33. Qe2
a4 34. g4 a3 0-1

[Event "AUTO-OPEN-4584"]
[Site "http://www.queenalice.com/game.php?id=1871545"]
[Date "2026.4.6"]
[Round "2"]
[White "rmvwoods"]
[Black "josebaron"]
[Result "0-1"]
[WhiteElo "2064"]
[BlackElo "2222"]

1. e4 e5 2. Nf3 Nc6 3. Be2 Nf6 4. d3 Bc5 5. Bg5 O-O 6. O-O h6 7. Bh4 g5 8. Bg3
d6 9. Nc3 Nh5 10. Kh1 Nxg3+ 11. fxg3 f5 12. Qd2 f4 13. gxf4 exf4 14. Nd5 Ne5 15.
Ne1 c6 16. Nc3 Be3 17. Qd1 h5 18. Bxh5 g4 19. h3 Qh4 20. Nf3 Nxf3 21. Rxf3 Qxh5
22. Rxe3 fxe3 23. Qe2 Rf2 24. Qxe3 Rxc2 25. Rf1 gxh3 26. Rf2 hxg2+ 27. Kxg2 Bh3+
28. Kg1 Qg4+ 29. Kh2 Rxf2+ 30. Qxf2 Rf8 31. Qg3 Qxg3+ 32. Kxg3 Bf1 33. d4 b5 34.
d5 b4 35. Nd1 cxd5 36. exd5 Bc4 37. Ne3 Bxa2 38. Nc2 a5 39. Nd4 Bxd5 40. Nb5 a4
41. Nxd6 a3 42. bxa3 bxa3 0-1

[Event "AUTO-OPEN-4584"]
[Site "http://www.queenalice.com/game.php?id=1871546"]
[Date "2026.4.6"]
[Round "2"]
[White "josebaron"]
[Black "rmvwoods"]
[Result "1-0"]
[WhiteElo "2214"]
[BlackElo "2074"]

1. e4 e6 2. Nf3 d5 3. exd5 exd5 4. d4 Nf6 5. Be2 Be6 6. O-O Nbd7 7. c3 Bd6 8.
Bg5 h6 9. Bh4 g5 10. Bg3 Qe7 11. Bxd6 Qxd6 12. Nbd2 g4 13. Nh4 Ne4 14. Nxe4 dxe4
15. Bxg4 O-O-O 16. Nf5 Qf4 17. Ne7+ Kb8 18. Bxe6 fxe6 19. Ng6 Qg5 20. Nxh8 Rg8
21. g3 Rxh8 22. f4 exf3 23. Rxf3 a6 24. Qe2 Qg6 25. Re1 e5 26. dxe5 Qe6 27. b3
h5 28. Qc4 Qb6+ 29. Qd4 Qe6 30. Rf4 c5 31. Qd6+ Qxd6 32. exd6 Kc8 33. Re7 b5 34.
Rff7 Nb6 35. Rc7+ Kd8 36. Rb7 Nd5 37. Rb8# 1-0